[Event "29. Staufer-Open (A)"]
[Site "?"]
[Date "2017.01.04"]
[Round "5"]
[White "Hecht, Carsten"]
[Black "Bayer, Bernhard"]
[Result "1/2-1/2"]
[WhiteElo "2240"]
[BlackElo "2436"]
[PlyCount "39"]
[EventDate "2017.??.??"]
[WhiteTeam "LSV Turm Lippstadt"]
[BlackTeam "SK Weilheim"]

1. e4 e5 2. Nf3 Nc6 3. Bb5 a6 4. Ba4 Nf6 5. O-O Be7 6. d3 b5 7. Bb3 d6 8. a3
O-O 9. Nc3 Bg4 10. Be3 Kh8 11. h3 Bh5 12. Nd5 Na5 13. Nxf6 Bxf6 14. Ba2 c6 15.
Qe2 Nb7 16. Rad1 Qc7 17. g4 Bg6 18. g5 Bd8 19. Nh4 Qd7 20. Qg4 1/2-1/2

[Event "29. Staufer-Open (A)"]
[Site "?"]
[Date "2017.01.04"]
[Round "5"]
[White "Velicka, Petr"]
[Black "Walter, Kevin"]
[Result "1-0"]
[WhiteElo "2420"]
[BlackElo "2178"]
[PlyCount "171"]
[EventDate "2017.??.??"]
[WhiteTeam "SK Passau"]
[BlackTeam "SK Sontheim/Brenz"]

1. e4 c5 2. Nf3 d6 3. Bb5+ Bd7 4. Bxd7+ Qxd7 5. c4 Nf6 6. Nc3 Nc6 7. d4 cxd4 8.
Nxd4 g6 9. f3 Bg7 10. Be3 O-O 11. O-O a6 12. a4 e6 13. Rb1 Rac8 14. b3 Rfd8 15.
Qd2 Qc7 16. Rfd1 d5 17. exd5 exd5 18. Nxc6 bxc6 19. cxd5 Nxd5 20. Nxd5 Rxd5 21.
Qc2 Rxd1+ 22. Rxd1 Rd8 23. Rxd8+ Qxd8 24. Qxc6 Qd1+ 25. Kf2 Bd4 26. Qe8+ Kg7
27. Bxd4+ Qxd4+ 28. Qe3 Qb2+ 29. Kg3 a5 30. h4 h5 31. Kh3 Kh7 32. Qd3 Qe5 33.
Qe4 Qc3 34. Qc4 Qf6 35. Qd5 Kg8 36. Qxa5 Qe6+ 37. Kh2 Qxb3 38. Qd8+ Kh7 39. a5
Qc3 40. Qg5 Qa3 41. Qe5 Qa4 42. Kg3 Qc6 43. Qf4 Qe6 44. Qb4 Qe2 45. Qc3 Qe6 46.
Qa1 Qa6 47. Kh2 Qd6+ 48. Kg1 Qa6 49. Kh1 Kg8 50. Qe5 Kh7 51. Kh2 Qc6 52. Qf4
Qe6 53. Qc7 Kg8 54. Qb6 Qe1 55. Qd8+ Kh7 56. f4 Qe6 57. Qg5 Qa6 58. f5 Qd6+ 59.
Qg3 Qa6 60. Qg5 Qd6+ 61. g3 Qa6 62. Qe7 Kg8 63. Qe8+ Kg7 64. Qe5+ Kh7 65. fxg6+
fxg6 66. Kg1 Qc6 67. Qe3 Qa6 68. Qe7+ Kg8 69. Qd8+ Kh7 70. Kf2 Qc4 71. Qd7+ Kg8
72. Qd2 Qc5+ 73. Kg2 Qc6+ 74. Kh2 Kh7 75. Qe2 Qb7 76. a6 Qa7 77. Qa2 Kh6 78.
Qb2 Qa8 79. Qd2+ Kh7 80. Qd7+ Kh6 81. a7 Qf3 82. Qd2+ Kh7 83. Qa2 Qa8 84. Qf7+
Kh6 85. Qf4+ Kh7 86. Qb8 1-0

[Event "29. Staufer-Open (A)"]
[Site "?"]
[Date "2017.01.04"]
[Round "5"]
[White "Akhras, Khaled"]
[Black "Skembris, Spyridon"]
[Result "0-1"]
[WhiteElo "2197"]
[BlackElo "2388"]
[PlyCount "74"]
[EventDate "2017.??.??"]
[BlackTeam "SC Grunbach"]

1. Nf3 Nf6 2. g3 c5 3. Bg2 Nc6 4. d3 g6 5. c4 Bg7 6. Nc3 O-O 7. O-O d6 8. a3 a6
9. Rb1 Rb8 10. b4 cxb4 11. axb4 b5 12. cxb5 axb5 13. Bd2 d5 14. Bf4 Rb6 15. Ne5
Bb7 16. Nxc6 Bxc6 17. Be5 d4 18. Bxf6 dxc3 19. Bxg7 Kxg7 20. Qc1 Qd4 21. Qe3 e5
22. Rfc1 Bxg2 23. Kxg2 Rd6 24. Rc2 Rc8 25. Qe4 Rc7 26. f4 Qxe4+ 27. dxe4 Rc4
28. Kf3 Re6 29. f5 Rd6 30. Rb3 Rdc6 31. Ke3 gxf5 32. exf5 Kf6 33. Kd3 e4+ 34.
Ke3 Kxf5 35. Ra3 h5 36. Ra7 f6 37. Ra3 Ke5 0-1

[Event "29. Staufer-Open (A)"]
[Site "?"]
[Date "2017.01.04"]
[Round "5"]
[White "Höglauer, Patrick"]
[Black "Wöllermann, Jan"]
[Result "1/2-1/2"]
[WhiteElo "2195"]
[BlackElo "2384"]
[PlyCount "88"]
[EventDate "2017.??.??"]
[WhiteTeam "SC Grunbach"]
[BlackTeam "AE Magdeburg"]

1. d4 Nf6 2. c4 e6 3. Nf3 b6 4. a3 Ba6 5. Qc2 Bb7 6. Nc3 c5 7. e4 cxd4 8. Nxd4
Bc5 9. Nb3 Nc6 10. Bf4 e5 11. Bg5 Be7 12. Bd3 d6 13. O-O Nd7 14. Be3 O-O 15.
Nd5 Rc8 16. Qd2 Nc5 17. Nxc5 dxc5 18. Rab1 Nd4 19. b4 Qd7 20. f4 exf4 21. Bxf4
f6 22. Be3 Bd6 23. b5 Be5 24. a4 Qd6 25. Bf4 Bxd5 26. Bxe5 Qxe5 27. exd5 Rce8
28. Rbe1 Qd6 29. a5 g6 30. axb6 axb6 31. Qh6 Re7 32. Re3 f5 33. Rfe1 Rfe8 34.
Qg5 Kf7 35. Qh6 Rxe3 36. Rxe3 Rxe3 37. Qxe3 Qe7 38. Qg3 Kg7 39. Kf2 Kf7 40. Qf4
Kg7 41. g3 g5 42. Qb8 Qf6 43. d6 Ne6 44. Qb7+ Kf8 1/2-1/2

[Event "29. Staufer-Open (A)"]
[Site "?"]
[Date "2017.01.04"]
[Round "5"]
[White "Heimrath, Reiner"]
[Black "Hacker, Jonas"]
[Result "1/2-1/2"]
[WhiteElo "2182"]
[BlackElo "2382"]
[PlyCount "94"]
[EventDate "2017.??.??"]
[WhiteTeam "SC Noris-Tarrasch Nürnberg"]
[BlackTeam "SC Eppingen"]

1. Nf3 d5 2. b3 Nf6 3. Bb2 c6 4. d3 Nbd7 5. Nbd2 Qc7 6. c4 e5 7. cxd5 cxd5 8.
Rc1 Qb8 9. Qc2 Bd6 10. g3 O-O 11. Bg2 b6 12. O-O Bb7 13. Nh4 Rc8 14. Qb1 Re8
15. Qa1 Qd8 16. Nf5 Bf8 17. Nc4 Qb8 18. Nd2 g6 19. Nh4 Bh6 20. Rc2 Qd6 21. Rd1
Rac8 22. Rxc8 Bxc8 23. Nhf3 Bb7 24. a4 a6 25. e3 Bf8 26. Bh3 Qb8 27. Rc1 Bd6
28. Rc2 a5 29. Ne1 h5 30. Ba3 Bxa3 31. Qxa3 Nc5 32. b4 Na6 33. bxa5 bxa5 34.
Qc1 Nb4 35. Rc5 Ba6 36. Bf1 Nd7 37. Rc7 Rc8 38. Rxc8+ Qxc8 39. Qxc8+ Bxc8 40.
Nb3 Nb6 41. Nxa5 Nxa4 42. Nf3 f6 43. d4 e4 44. Nd2 Kf7 45. Nab3 Bd7 46. Nb1 Nc2
47. Be2 Ke7 1/2-1/2

[Event "29. Staufer-Open (A)"]
[Site "?"]
[Date "2017.01.04"]
[Round "5"]
[White "Schwab, Matthias"]
[Black "Bogdanov, Egor"]
[Result "1/2-1/2"]
[WhiteElo "2163"]
[BlackElo "2379"]
[PlyCount "31"]
[EventDate "2017.??.??"]
[WhiteTeam "SC Böblingen"]
[BlackTeam "SF Gerresheim"]

1. d4 Nf6 2. c4 g6 3. Nc3 Bg7 4. e4 O-O 5. Nf3 d6 6. Be2 e5 7. O-O exd4 8. Nxd4
Re8 9. f3 Nc6 10. Nc2 Nd7 11. Be3 Nb6 12. Qd2 Be6 13. b3 f5 14. Rad1 Qf6 15.
Nd5 Qf7 16. a4 1/2-1/2

[Event "29. Staufer-Open (A)"]
[Site "?"]
[Date "2017.01.04"]
[Round "5"]
[White "Kostic, Vladimir"]
[Black "Wagner, Florian"]
[Result "1/2-1/2"]
[WhiteElo "2352"]
[BlackElo "2118"]
[PlyCount "65"]
[EventDate "2017.??.??"]
[WhiteTeam "SK München Südost"]
[BlackTeam "SC Noris-Tarrasch Nürnberg"]

1. e4 e5 2. Nf3 Nc6 3. Nc3 Nf6 4. d4 exd4 5. Nxd4 Bb4 6. Nxc6 bxc6 7. Bd3 d5 8.
exd5 cxd5 9. Qe2+ Qe7 10. Qxe7+ Kxe7 11. O-O Rd8 12. Ne2 c5 13. c3 Ba5 14. Bf4
Be6 15. h3 h6 16. Bh2 Ne8 17. f4 Bc7 18. Rae1 Kf8 19. Kh1 Rab8 20. b3 Bd7 21.
Bg1 Bd6 22. Rd1 Bc6 23. Ng3 g6 24. Ne2 Nf6 25. b4 cxb4 26. Bxa7 Ra8 27. Bd4 Ne4
28. cxb4 Bxb4 29. Rc1 Be8 30. Rc2 Ra3 31. Rb1 Be7 32. Nc1 Ra4 33. Bb6 1/2-1/2

[Event "29. Staufer-Open (A)"]
[Site "?"]
[Date "2017.01.04"]
[Round "5"]
[White "Grewenig, Jan"]
[Black "Pfreundt, Jakob"]
[Result "0-1"]
[WhiteElo "2141"]
[BlackElo "2347"]
[PlyCount "100"]
[EventDate "2017.??.??"]
[WhiteTeam "SC Schwarzenbach"]
[BlackTeam "Königsspr. SC"]

1. e4 e5 2. Nf3 Qe7 3. Nc3 c6 4. d4 d6 5. Be3 Nf6 6. Qd2 Qc7 7. h3 b5 8. a3 a6
9. g4 Be7 10. g5 Nfd7 11. Nh4 g6 12. f4 h6 13. fxe5 dxe5 14. d5 hxg5 15. Bxg5
Bxg5 16. Qxg5 Qd6 17. O-O-O c5 18. Bxb5 axb5 19. Nxb5 Qf6 20. Nf3 Qxg5+ 21.
Nxg5 O-O 22. h4 Nf6 23. Rdf1 Nh5 24. Nxf7 Rxf7 25. Rxf7 Kxf7 26. Nd6+ Kg7 27.
Nxc8 Nd7 28. Nd6 Ra4 29. Kd2 Ndf6 30. b4 cxb4 31. axb4 Rxb4 32. c4 Rb6 33. c5
Rxd6 34. cxd6 Nxe4+ 35. Kc2 Nxd6 36. Kb3 Kh6 37. Kb4 Ng3 38. Re1 e4 39. Kc3
Ngf5 40. Rh1 Kh5 41. Kd2 Nxh4 42. Ke3 Kg5 43. Kd4 Nhf5+ 44. Ke5 Nc4+ 45. Ke6
Nd4+ 46. Ke7 e3 47. Rg1+ Kf5 48. Rf1+ Ke5 49. Rg1 e2 50. Kf7 Nf3 0-1

[Event "29. Staufer-Open (A)"]
[Site "?"]
[Date "2017.01.04"]
[Round "5"]
[White "Shahin, Walid"]
[Black "Hahn, Markus"]
[Result "0-1"]
[WhiteElo "2137"]
[BlackElo "2324"]
[PlyCount "90"]
[EventDate "2017.??.??"]
[WhiteTeam "SK Weilheim"]
[BlackTeam "Kasseler SK"]

1. d4 e6 2. e4 d5 3. e5 c5 4. c3 Qb6 5. Nf3 Bd7 6. a4 Nc6 7. Be2 Nh6 8. O-O
cxd4 9. a5 Nxa5 10. b4 Nc4 11. Bxc4 dxc4 12. Nxd4 Nf5 13. Na3 Qc7 14. Bf4 Nxd4
15. Qxd4 b5 16. Bg5 Bc6 17. Rfd1 a6 18. Rd2 h6 19. Bh4 g5 20. Bg3 Rd8 21. Qe3
Rxd2 22. Qxd2 Qd7 23. Qe1 Bg7 24. Rd1 Qb7 25. f3 Bd5 26. Nc2 O-O 27. Rd4 f5 28.
exf6 Bxf6 29. Be5 Qg7 30. Bxf6 Qxf6 31. Ne3 a5 32. bxa5 b4 33. Nxc4 Rc8 34. Nb6
bxc3 35. Rxd5 exd5 36. Nxc8 Qd4+ 37. Kh1 c2 38. Qe6+ Kg7 39. Qe7+ Kh8 40. Qf8+
Kh7 41. Qf5+ Kg7 42. Qd7+ Kh8 43. Qe8+ Kh7 44. Qe7+ Qg7 45. Qe1 Qe5 0-1

[Event "29. Staufer-Open (A)"]
[Site "?"]
[Date "2017.01.04"]
[Round "5"]
[White "Frischmann, Rick"]
[Black "Rempeli, Alex"]
[Result "1-0"]
[WhiteElo "2323"]
[BlackElo "2023"]
[PlyCount "123"]
[EventDate "2017.??.??"]
[WhiteTeam "SC Schwarzenbach"]
[BlackTeam "SF Deizisau"]

1. e4 e6 2. d4 d5 3. Nd2 h6 4. Bd3 c5 5. dxc5 Bxc5 6. Ngf3 Nf6 7. Qe2 O-O 8.
O-O Nc6 9. e5 Nd7 10. c4 Re8 11. Nb3 Bb6 12. Bf4 Bc7 13. Bg3 Nb4 14. Bb1 Nf8
15. a3 dxc4 16. Qxc4 Nd5 17. Bh4 g5 18. Bg3 b5 19. Qg4 f5 20. exf6 Nxf6 21.
Bxc7 Nxg4 22. Bxd8 Rxd8 23. Be4 Rb8 24. Rfd1 Rxd1+ 25. Rxd1 Nf6 26. Bc6 Bd7 27.
Na5 Bxc6 28. Nxc6 Rb7 29. Rd8 N6d7 30. g3 Rc7 31. Nfe5 Nxe5 32. Nxe5 Kg7 33.
Rb8 a6 34. Rb6 Rc5 35. Nd3 Rd5 36. Nb4 Rd2 37. Nxa6 Rxb2 38. Nc7 Rb3 39. Nxb5
Kf6 40. a4 Rb1+ 41. Kg2 Nd7 42. Rc6 Ne5 43. Ra6 Nd7 44. Nc7 Nc5 45. Rc6 Nxa4
46. Rxe6+ Kg7 47. Re7+ Kg6 48. Ne8 Rb6 49. g4 h5 50. h4 hxg4 51. Rg7+ Kf5 52.
Rxg5+ Kf4 53. Ng7 Nc3 54. Nh5+ Ke4 55. Rxg4+ Ke5 56. Rg5+ Kd4 57. Ng3 Nd5 58.
h5 Ne7 59. Rg7 Nd5 60. h6 Ke5 61. Rg5+ Ke6 62. h7 1-0

[Event "29. Staufer-Open (A)"]
[Site "?"]
[Date "2017.01.04"]
[Round "5"]
[White "Wichmann, Cliff"]
[Black "Cebulla, Konstantin"]
[Result "1-0"]
[WhiteElo "2319"]
[BlackElo "2054"]
[PlyCount "73"]
[EventDate "2017.??.??"]
[WhiteTeam "ESV Nickelhütte Aue"]
[BlackTeam "SV Dinslaken"]

1. Nf3 d5 2. c4 e6 3. d4 Nf6 4. Nc3 c5 5. cxd5 cxd4 6. Qa4+ Bd7 7. Qxd4 exd5 8.
Nxd5 Qa5+ 9. Nc3 Nc6 10. Qd1 Ne4 11. Bd2 Nxd2 12. Qxd2 O-O-O 13. Qc1 Bf5 14. a3
Bd6 15. e3 Kb8 16. b4 Qc7 17. Nb5 Qe7 18. Nxd6 Rxd6 19. Be2 g5 20. Qb2 Rhd8 21.
b5 g4 22. bxc6 gxf3 23. Bxf3 Bd3 24. Qxb7+ Qxb7 25. cxb7 Ba6 26. h4 Rb6 27. Rh3
Bxb7 28. Bxb7 Kxb7 29. Rf3 f6 30. Rf4 Rd3 31. Ke2 Rc3 32. Kf3 Ka6 33. Ra4+ Kb7
34. Rd1 Rc7 35. Rf4 Rc3 36. Rd7+ Kb8 37. a4 1-0

[Event "29. Staufer-Open (A)"]
[Site "?"]
[Date "2017.01.04"]
[Round "5"]
[White "Krastev, Alexander"]
[Black "Rafiee, Makan"]
[Result "0-1"]
[WhiteElo "1961"]
[BlackElo "2316"]
[PlyCount "30"]
[EventDate "2017.??.??"]
[WhiteTeam "Biebertaler SF"]
[BlackTeam "Kasseler SK"]

1. e4 e5 2. Nc3 Nf6 3. Bc4 Bc5 4. f4 d6 5. Nf3 Nc6 6. d3 a6 7. h3 b5 8. Bb3 Bb7
9. Nd5 Nd4 10. Nxf6+ Qxf6 11. f5 d5 12. Bxd5 Bxd5 13. exd5 Nxf5 14. g4 Nh4 15.
Nxh4 Qf2# 0-1

[Event "29. Staufer-Open (A)"]
[Site "?"]
[Date "2017.01.04"]
[Round "5"]
[White "Kölle, Tobias"]
[Black "Jurek, Josef"]
[Result "0-1"]
[WhiteElo "1862"]
[BlackElo "2272"]
[PlyCount "90"]
[EventDate "2017.??.??"]
[WhiteTeam "SF Kornwestheim"]
[BlackTeam "SG Schwäbisch Gmünd"]

1. d4 Nf6 2. c4 e6 3. Nc3 Bb4 4. f3 d5 5. a3 Bxc3+ 6. bxc3 c6 7. e3 b6 8. Bd3
Ba6 9. cxd5 Bxd3 10. Qxd3 cxd5 11. Ne2 O-O 12. O-O Nc6 13. e4 Qd7 14. e5 Ne8
15. a4 f6 16. Ba3 Rf7 17. f4 f5 18. Rf3 Rc8 19. Rh3 g6 20. Rg3 Na5 21. Bb4 Rc4
22. Bxa5 bxa5 23. Qd1 Qc6 24. h4 Ng7 25. Rd3 Rb7 26. Rd2 Rb6 27. Rda2 Kf7 28.
Ra3 Qb7 29. Nc1 Qc8 30. Ne2 Rc7 31. Rb1 Rcb7 32. Rab3 Qc4 33. Rxb6 Rxb6 34.
Rxb6 axb6 35. Qc2 h5 36. Nc1 Ne8 37. Qb2 Qxa4 38. Qxb6 Qd1+ 39. Kh2 Qxc1 40.
Qa7+ Kg8 41. Qe7 Qxf4+ 42. Kh3 Ng7 43. c4 dxc4 44. d5 exd5 45. e6 Qe3+ 0-1

[Event "29. Staufer-Open (A)"]
[Site "?"]
[Date "2017.01.04"]
[Round "5"]
[White "Fedorchuk, Sergey A"]
[Black "Reimann, Sebastian"]
[Result "1-0"]
[WhiteElo "2625"]
[BlackElo "2152"]
[PlyCount "91"]
[EventDate "2017.??.??"]
[BlackTeam "SK Kriegshaber"]

1. e4 e5 2. Nf3 Nc6 3. Bb5 Nf6 4. d3 Bc5 5. Nbd2 O-O 6. Nb3 Qe7 7. Bg5 Bb6 8.
a4 Na5 9. Nxa5 Bxa5+ 10. c3 c6 11. Bc4 h6 12. Bh4 d5 13. Bxf6 Qxf6 14. exd5
cxd5 15. Bxd5 Bf5 16. Be4 Rad8 17. Qe2 Bc7 18. Nd2 Bc8 19. Nc4 Qh4 20. g3 Qe7
21. O-O Qd7 22. Rfd1 f5 23. Bg2 Rfe8 24. b4 Qf7 25. a5 Bb8 26. Ne3 Be6 27. c4
Kh8 28. Bd5 f4 29. Bxe6 Rxe6 30. Nd5 Rde8 31. Qe4 a6 32. Re1 Ba7 33. c5 Rd8 34.
Nxf4 Rf6 35. Qxe5 Bb8 36. Qe7 Qxe7 37. Rxe7 Bxf4 38. gxf4 Rxd3 39. Rxb7 Rd2 40.
b5 Rxf4 41. Rf1 axb5 42. a6 Ra2 43. a7 Kh7 44. c6 Rc4 45. c7 b4 46. Rb1 1-0

[Event "29. Staufer-Open (A)"]
[Site "?"]
[Date "2017.01.04"]
[Round "5"]
[White "Keller, Peter"]
[Black "Hebbering, Tom Elliot"]
[Result "1-0"]
[WhiteElo "2295"]
[BlackElo "2152"]
[PlyCount "57"]
[EventDate "2017.??.??"]
[WhiteTeam "Frankfurter TV"]
[BlackTeam "SC Herborn"]

1. e4 e5 2. Nf3 Nc6 3. Bb5 Nge7 4. Nc3 g6 5. d4 exd4 6. Nd5 Bg7 7. Bg5 h6 8.
Bf6 Bxf6 9. Nxf6+ Kf8 10. Qd2 d6 11. Nxd4 Kg7 12. Qc3 Ne5 13. f4 Kxf6 14. fxe5+
dxe5 15. Nf3 Kg7 16. Nxe5 f6 17. Rd1 Nd5 18. Rxd5 Qe7 19. Bd3 c6 20. Rc5 Re8
21. Nf3 Bd7 22. O-O b6 23. Rc4 c5 24. e5 fxe5 25. Re4 Bc6 26. Nxe5 Bxe4 27.
Nc6+ Kg8 28. Nxe7+ Rxe7 29. Qc4+ 1-0

[Event "29. Staufer-Open (A)"]
[Site "?"]
[Date "2017.01.04"]
[Round "5"]
[White "Pürckhauer, Sören"]
[Black "Wild, Achim"]
[Result "1/2-1/2"]
[WhiteElo "2145"]
[BlackElo "2293"]
[PlyCount "55"]
[EventDate "2017.??.??"]
[WhiteTeam "SK Sontheim/Brenz"]
[BlackTeam "SC Schwarzenbach"]

1. d4 d5 2. Bf4 Nf6 3. e3 c5 4. Nc3 e6 5. Nb5 Na6 6. c3 Be7 7. Na3 Nc7 8. Nf3
O-O 9. Nc2 b6 10. Be2 Bb7 11. O-O Nce8 12. Nd2 Nd6 13. Bf3 Rc8 14. Re1 cxd4 15.
exd4 Qd7 16. Ne3 Ba6 17. Be2 Bxe2 18. Qxe2 Qb5 19. Qxb5 Nxb5 20. Nf5 Ba3 21.
Ng3 Bd6 22. Bxd6 Nxd6 23. a4 a5 24. Reb1 Rc6 25. f3 Rb8 26. Ne2 g6 27. b4 Rc7
28. Nb3 1/2-1/2

[Event "29. Staufer-Open (A)"]
[Site "?"]
[Date "2017.01.04"]
[Round "5"]
[White "Hahn, Florian"]
[Black "Kahrovic, Mersid"]
[Result "1/2-1/2"]
[WhiteElo "2142"]
[BlackElo "2268"]
[PlyCount "35"]
[EventDate "2017.??.??"]
[WhiteTeam "SC Herborn"]
[BlackTeam "SF 90 Spraitbach"]

1. Nf3 Nf6 2. c4 c5 3. g3 Nc6 4. Bg2 e5 5. Nc3 d6 6. O-O Bg4 7. d3 h6 8. a3 Qd7
9. Rb1 Bh3 10. b4 Bxg2 11. Kxg2 b6 12. Nd5 Nxd5 13. cxd5 Nd4 14. e3 Nb5 15. Bb2
cxb4 16. axb4 Be7 17. e4 O-O 18. d4 1/2-1/2

[Event "29. Staufer-Open (A)"]
[Site "?"]
[Date "2017.01.04"]
[Round "5"]
[White "Müller, Reinhold"]
[Black "Bauer, Eckart"]
[Result "1-0"]
[WhiteElo "2256"]
[BlackElo "2141"]
[PlyCount "67"]
[EventDate "2017.??.??"]
[WhiteTeam "SC Schwarzenbach"]
[BlackTeam "SK Schmiden/Cannstatt"]

1. d4 Nf6 2. c4 c6 3. Nf3 d5 4. Nc3 a6 5. a4 a5 6. Bf4 e6 7. e3 Bb4 8. Rc1 Nbd7
9. Bd3 dxc4 10. Bxc4 Nb6 11. Bd3 Nbd5 12. Bg3 Nh5 13. Be5 f5 14. O-O O-O 15.
Nd2 Nhf6 16. e4 Nxc3 17. bxc3 Ng4 18. Bc4 Nxe5 19. dxe5 Ba3 20. Rb1 f4 21. Qb3
Qe7 22. Nf3 Bc5 23. Rfd1 Re8 24. Rd3 g6 25. Rbd1 Kf7 26. h4 h6 27. h5 gxh5 28.
Nd4 Kg6 29. Ne2 Qg5 30. Rf3 Qxe5 31. Nxf4+ Kh7 32. Nd3 Qd6 33. e5 Qe7 34. Nxc5
1-0

[Event "29. Staufer-Open (A)"]
[Site "?"]
[Date "2017.01.04"]
[Round "5"]
[White "Karimi, Farhad"]
[Black "Namyslo, Holger"]
[Result "1-0"]
[WhiteElo "2093"]
[BlackElo "2233"]
[PlyCount "107"]
[EventDate "2017.??.??"]
[WhiteTeam "Satranç Club"]
[BlackTeam "TG Biberach"]

1. d4 d5 2. Nf3 Nf6 3. e3 e6 4. Bd3 c5 5. b3 Nc6 6. O-O Qc7 7. c4 Be7 8. Nc3 a6
9. Bb2 O-O 10. Rc1 b6 11. cxd5 exd5 12. dxc5 bxc5 13. Na4 Ne4 14. Nd2 Rd8 15.
Bxe4 dxe4 16. Qe2 Nb4 17. Nxe4 Nxa2 18. Rxc5 Bxc5 19. Nexc5 Nb4 20. Qc4 Nd3 21.
Bxg7 Nxc5 22. Nxc5 Be6 23. Qc3 Rd5 24. b4 Rg5 25. Nxe6 Qxc3 26. Bxc3 fxe6 27.
f4 Rd5 28. Ra1 Rd3 29. Bd4 Rb3 30. Ra4 Kf7 31. Kf2 Ke7 32. Kf3 Kd6 33. Ra5 Kc6
34. Rc5+ Kd7 35. Rc4 Rc8 36. Bc5 Ke8 37. Re4 Kf7 38. Re5 Rc3 39. Bd4 R3c4 40.
Ra5 Rxb4 41. Rxa6 Rc7 42. g4 Rb1 43. h4 Rbc1 44. Be5 Rb7 45. Ra8 h5 46. g5 Rf1+
47. Ke4 Rh1 48. Rh8 Rb4+ 49. Bd4 Rxh4 50. Rh7+ Kg8 51. g6 Rxd4+ 52. Kxd4 Rg4
53. Rxh5 Rxg6 54. Rg5 1-0

[Event "29. Staufer-Open (A)"]
[Site "?"]
[Date "2017.01.04"]
[Round "5"]
[White "Hehn, Hartmut"]
[Black "Krämer, Enrico"]
[Result "0-1"]
[WhiteElo "2018"]
[BlackElo "2223"]
[PlyCount "88"]
[EventDate "2017.??.??"]
[WhiteTeam "SV Ebersbach"]
[BlackTeam "SG Speyer-Schwegenheim"]

1. g3 g6 2. Bg2 Bg7 3. d4 Nf6 4. b3 O-O 5. Bb2 d6 6. Nd2 c5 7. d5 e6 8. c4 exd5
9. cxd5 Re8 10. e3 Na6 11. Ne2 Bf5 12. h4 Nb4 13. O-O b5 14. Nf4 Rb8 15. a3 Na6
16. Re1 Nxd5 17. Bxg7 Nxf4 18. e4 Nxg2 19. Kxg2 Kxg7 20. exf5 Rxe1 21. Qxe1
gxf5 22. Nf3 Qf6 23. Rd1 b4 24. a4 Rd8 25. Qe2 d5 26. Ne5 Nb8 27. f4 Qe6 28.
Qd2 Rc8 29. Kh3 a5 30. Re1 Nd7 31. Nxd7 Qxd7 32. Re5 d4 33. Qd3 h5 34. Qc4 Rc6
35. Rxc5 Rxc5 36. Qxc5 d3 37. Qe5+ f6 38. Qe1 d2 39. Qd1 Qd3 40. Kh2 Qe3 41.
Qc2 Qe2+ 42. Kh3 Qf1+ 43. Kh2 d1=Q 44. Qc7+ Kg6 0-1

[Event "29. Staufer-Open (A)"]
[Site "?"]
[Date "2017.01.04"]
[Round "5"]
[White "Weller, Manuel"]
[Black "Thomas, Ingo"]
[Result "0-1"]
[WhiteElo "2220"]
[BlackElo "2135"]
[PlyCount "51"]
[EventDate "2017.??.??"]
[WhiteTeam "SC Schwarzenbach"]
[BlackTeam "Krefelder SK Turm"]

1. Nf3 d5 2. c4 d4 3. e3 c5 4. b4 g6 5. bxc5 Nc6 6. Na3 e5 7. Rb1 Bxc5 8. Qa4
Qe7 9. Be2 Nf6 10. exd4 exd4 11. O-O O-O 12. Re1 Nh5 13. Bf1 Qd8 14. d3 Bg4 15.
Ng5 Bb6 16. Ne4 Re8 17. Bd2 Bd7 18. Qc2 Re5 19. c5 f5 20. Nd6 Be6 21. Nac4 Bxc5
22. Nxe5 Qxd6 23. Nxc6 bxc6 24. Rxe6 Qxe6 25. Qxc5 Qxa2 26. Qxc6 0-1

[Event "29. Staufer-Open (B)"]
[Site "?"]
[Date "2017.01.04"]
[Round "5"]
[White "Gheng, Simona"]
[Black "Zeller, Elisa"]
[Result "1-0"]
[WhiteElo "1975"]
[BlackElo "1902"]
[PlyCount "79"]
[EventDate "2017.??.??"]
[WhiteTeam "SF Deizisau"]
[BlackTeam "SF Göppingen"]

1. e4 e6 2. d4 d5 3. Nd2 Nf6 4. Bd3 c5 5. exd5 exd5 6. dxc5 Bxc5 7. Qe2+ Qe7 8.
Qxe7+ Bxe7 9. Ngf3 O-O 10. O-O Nc6 11. c3 h6 12. Nb3 Bg4 13. Nbd4 Bc5 14. Nxc6
Bxf3 15. Na5 b6 16. gxf3 bxa5 17. Be3 Bb6 18. Rad1 Rfd8 19. Bc2 Rac8 20. Bb3
Rb8 21. Rd2 Rd7 22. Rfd1 Rbd8 23. Bd4 Nh5 24. Be5 f6 25. Rxd5 Rxd5 26. Rxd5
Rxd5 27. Bxd5+ Kh7 28. Bd6 g6 29. c4 Ng7 30. c5 Bd8 31. Bb8 a6 32. Bf7 Nf5 33.
c6 Nd4 34. c7 Nxf3+ 35. Kg2 Ne1+ 36. Kf1 Bxc7 37. Bxc7 Nd3 38. Bxa5 Nxb2 39.
Bc3 Nd3 40. Bxf6 1-0

[Event "29. Staufer-Open (B)"]
[Site "?"]
[Date "2017.01.04"]
[Round "5"]
[White "Schmitt, Roland"]
[Black "Schlötterer, Hermann"]
[Result "0-1"]
[WhiteElo "1939"]
[BlackElo "1836"]
[PlyCount "94"]
[EventDate "2017.??.??"]
[WhiteTeam "SK Großsachsen"]
[BlackTeam "Zabo-Eintracht Nürnberg"]

1. d4 Nf6 2. c4 c5 3. Nf3 g6 4. Nc3 Bg7 5. e4 cxd4 6. Nxd4 d6 7. Be2 O-O 8. O-O
Nc6 9. Nc2 Bd7 10. Be3 Rc8 11. f3 Qc7 12. Rc1 Qb8 13. Qe1 b6 14. Qf2 Na5 15. b3
Ng4 16. fxg4 Bxc3 17. Nd4 Bxd4 18. Bxd4 Nc6 19. Bc3 f6 20. Qe3 Ne5 21. g5 Qc7
22. gxf6 exf6 23. Bb4 Be6 24. Rcd1 Rcd8 25. Qg3 Kg7 26. Kh1 Qc6 27. Rd4 Rf7 28.
Rfd1 Rfd7 29. Qf4 Qc7 30. Ba3 Qc6 31. h3 Qc7 32. Qd2 Nf7 33. Bf3 Ne5 34. Bxd6
Nxf3 35. gxf3 Qc6 36. Qf4 g5 37. Qg3 Kf7 38. R1d3 Rg8 39. Kh2 Rg6 40. e5 f5 41.
h4 gxh4 42. Qxh4 Kg7 43. Bf8+ Kxf8 44. Rxd7 Bxd7 45. Qd8+ Be8 46. Rd6 Qb7 47.
Rd5 Qg7 0-1

[Event "29. Staufer-Open (B)"]
[Site "?"]
[Date "2017.01.04"]
[Round "5"]
[White "Adam, Wilfried"]
[Black "Mock, Markus"]
[Result "1-0"]
[WhiteElo "1872"]
[BlackElo "1947"]
[PlyCount "85"]
[EventDate "2017.??.??"]
[WhiteTeam "SC Bad Wimpfen"]
[BlackTeam "FC Ergolding"]

1. e4 c5 2. d3 Nc6 3. Nf3 g6 4. g3 Bg7 5. c3 d5 6. Nbd2 d4 7. c4 e5 8. a3 Nge7
9. Bg2 O-O 10. O-O f5 11. h3 h6 12. Kh2 b6 13. Qe2 f4 14. Ng1 Be6 15. Bf3 Qd7
16. Bg4 fxg3+ 17. Kxg3 Rf6 18. Bxe6+ Qxe6 19. Qg4 Qf7 20. Qe2 g5 21. Ndf3 Ng6
22. Rb1 Rf8 23. b4 cxb4 24. axb4 Nf4 25. Bxf4 Rxf4 26. Nh2 Ne7 27. f3 Qh5 28.
Kg2 Ng6 29. Kh1 Rh4 30. c5 Nf4 31. Qa2+ Kh7 32. c6 Qf7 33. Qb3 Qc7 34. b5 Ra8
35. Qc4 h5 36. Rb2 Bf8 37. Ne2 Nxh3 38. Qe6 Bd6 39. Ng3 Nf4 40. Qf5+ Kh6 41.
Qf6+ Ng6 42. Nf5+ Kh7 43. Qxd6 1-0

[Event "29. Staufer-Open (B)"]
[Site "?"]
[Date "2017.01.04"]
[Round "5"]
[White "Reitz, Helmut"]
[Black "Vedder, Matthias"]
[Result "1-0"]
[WhiteElo "1872"]
[BlackElo "1721"]
[PlyCount "51"]
[EventDate "2017.??.??"]
[WhiteTeam "SV Würzburg"]
[BlackTeam "SK Marburg"]

1. d4 Nf6 2. Nf3 e6 3. e3 d5 4. Bd3 c5 5. b3 cxd4 6. exd4 Bb4+ 7. c3 Be7 8. O-O
O-O 9. Bb2 b6 10. Qe2 Bb7 11. Nbd2 Nbd7 12. Rfe1 Rc8 13. Rac1 Re8 14. Ne5 Nf8
15. Ndf3 h6 16. g4 Ne4 17. Bb5 f6 18. Bxe8 Qxe8 19. Nd3 Qg6 20. h3 f5 21. Nf4
Qf6 22. Nh5 Qg6 23. Ne5 Qh7 24. f3 Nf6 25. Nxf6+ gxf6 26. Nd7 1-0

[Event "29. Staufer-Open (B)"]
[Site "?"]
[Date "2017.01.04"]
[Round "5"]
[White "Bigalke, Moritz"]
[Black "Mao, Yvonne"]
[Result "1-0"]
[WhiteElo "1851"]
[BlackElo "1716"]
[PlyCount "58"]
[EventDate "2017.??.??"]
[WhiteTeam "SC Kirchheim/Teck"]
[BlackTeam "SK Gernsheim"]

1. e4 c5 2. Nf3 a6 3. a4 b6 4. Bc4 e6 5. Nc3 Bb7 6. d3 d5 7. exd5 exd5 8. Bb3
Nf6 9. O-O Be7 10. Ne2 O-O 11. d4 c4 12. Ba2 b5 13. c3 Nbd7 14. Bb1 Qc7 15. Ng3
Ne4 16. Nf5 Bf6 17. Nd2 Nd6 18. Nxd6 Qxd6 19. Qc2 g6 20. Nf3 Bg7 21. Bg5 Rfe8
22. Qd2 Re6 23. axb5 axb5 24. Rxa8+ Bxa8 25. Bf4 Qe7 26. Be3 Nf6 27. Ng5 Ra6
28. Re1 Ne4 29. Qc1 Ra1 1-0

[Event "29. Staufer-Open (A)"]
[Site "?"]
[Date "2017.01.04"]
[Round "6"]
[White "Zeller, Frank"]
[Black "Burmakin, Vladimir"]
[Result "1/2-1/2"]
[WhiteElo "2389"]
[BlackElo "2526"]
[PlyCount "69"]
[EventDate "2017.??.??"]
[WhiteTeam "SK Schwäbisch Hall"]
[BlackTeam "SF 90 Spraitbach"]

1. e4 c6 2. d4 d5 3. exd5 cxd5 4. c4 Nf6 5. Nc3 g6 6. Qb3 Bg7 7. cxd5 O-O 8.
Be2 Qb6 9. Qxb6 axb6 10. Bf3 Na6 11. Nge2 Nb4 12. O-O Rd8 13. d6 Rxd6 14. Bf4
Rd7 15. Be5 e6 16. Rfd1 Nc6 17. Bg3 g5 18. h3 h5 19. d5 exd5 20. h4 gxh4 21.
Bxh4 Ra5 22. Bxf6 Bxf6 23. Bxd5 Kf8 24. Bb3 b5 25. Rxd7 Bxd7 26. Rd1 Bc8 27.
Rd6 Be5 28. Rd2 b4 29. Ne4 Ke7 30. Ng5 Be6 31. Nxe6 fxe6 32. g3 Bd6 33. Nd4
Nxd4 34. Rxd4 Rf5 35. Re4 1/2-1/2